000 00847nam a2200169 i 4500
001 151395
003 ES-MaACL
005 20230906204008.0
008 981124s1886 sp |||| | spa d
040 _aCCPB | B
_bspa
_cCCPB | B
245 0 0 _aAl gobierno, á las autoridades, á la Prensa, á los representantes del País y a los municipios de la Provincia de Huelva, la Sociedad de propietarios y el Ayuntamiento de Calañas.
260 _aHuelva :
_b[s.n.],
_c1886 (
_fImp. de F. Bueno y J. Fernandez)
300 _a52 p. ;
_c21 cm.
594 _aTít. de cubierta: Los Humos Sulfurosos en la Provincia de Huelva y el Expediente Administrativo de Calañas.
650 4 _aMinería-
_xAspectos ambientales-
_zHuelva (Provincia)
_9161414
852 _aES-MaACL
_jT-467-F-2
_z-- Enc. hol., falto de la cub. original
_z-- Enc. varias obras en un vol.
999 _c151395
_d151395